Statistics for From what country is this dish?

Click here to take the quiz!

General Stats

  • This quiz has been taken 32 times
  • The average score is 12 of 15

Answer Stats

HintAnswer% Correct
BaguetteFrance
100%
SpaghettiItaly
100%
Fish n ChipsUnited Kingdom
100%
Egg fried riceChina
97%
BurgerGermany
97%
DönerGermany
97%
SauerkrautGermany
97%
SushiJapan
97%
KimchiSouth Korea
90%
GoulashHungary
87%
BorschtUkraine
84%
Chicken TeriyakiIndia
74%
SarmaRomania
39%
CevapiSerbia
29%
BurekAlbania
23%

Score Distribution

Percentile by Number Answered

Percent of People with Each Score

Your Score History

You have not taken this quiz